| 000 | 00521nam a2200169Ia 4500 | ||
|---|---|---|---|
| 003 | SGT | ||
| 020 | _a9788120319554 | ||
| 082 |
_a621.82 _bSHA |
||
| 100 | _aSharma,C.S | ||
| 245 | _aDesign of machine elements | ||
| 260 |
_bPHI Learning Private Limited _aNew Delhi _c2007 |
||
| 300 | _a305p. | ||
| 650 | _aMECHANICAL ENGINEERING | ||
| 653 | _aINTRODUCTION TO ENGINEERING DESIGN, COMPUTER-AIDED DESIGN AND DRAFTING, ENGINEERING MATERIALS, FUNDAMENTAL OF MACHINE DESIGN, | ||
| 700 | _aPurohit,Kamlesh | ||
| 942 |
_2ddc _cBK |
||
| 999 |
_c5021 _d5021 |
||